[Event "XXVI Ogolnopolska Olimpiada Mlodziezy"]
[Site "Pulawy"]
[Date "2020.10.07"]
[Round "4.8"]
[White "Jozwik, Michal"]
[Black "Bartodziej, Bartosz"]
[Result "1-0"]
[WhiteElo "1466"]
[BlackElo "1775"]
[PlyCount "65"]
[EventDate "2020.10.04"]
[EventType "swiss"]
[Tiebreak "Sum of Buchholz+Median1 Buchholz+Sonneborn-Berger (Swiss)"]

1. e4 c5 2. c3 d5 3. exd5 Qxd5 4. d4 Bf5 5. Nf3 e6 6. Be2 Nc6 7. c4 Qd7 8. d5
exd5 9. cxd5 Nb4 10. O-O Bd6 11. Na3 a6 12. Nc4 Nxd5 13. Nfe5 Bxe5 14. Nxe5 Qd8
15. Qb3 Nge7 16. Qxb7 O-O 17. Nc6 Nxc6 18. Qxc6 Rc8 19. Qa4 Re8 20. Bf3 Nb4 21.
Bf4 Bd7 22. Qb3 Bb5 23. Rfd1 Qf6 24. Be3 Bc6 25. Bxc6 Nxc6 26. Bxc5 Rb8 27. Qd5
Rxb2 28. Re1 Rbe2 29. Be3 R8xe3 30. Rf1 Re8 31. Rac1 Nb4 32. Qc4 R2e4 33. Qxe4
1-0

[Event "XXVI Ogolnopolska Olimpiada Mlodziezy"]
[Site "Pulawy"]
[Date "2020.10.07"]
[Round "4.8"]
[White "Moczala, Maja"]
[Black "Zielinska, Aleksandra"]
[Result "1/2-1/2"]
[WhiteElo "1252"]
[BlackElo "1384"]
[PlyCount "82"]
[EventDate "2020.10.04"]
[EventType "swiss"]
[Tiebreak "Sum of Buchholz+Median1 Buchholz+Sonneborn-Berger (Swiss)"]

1. e4 c5 2. Nf3 Nc6 3. d4 cxd4 4. Nxd4 Qc7 5. Be3 e6 6. Be2 a6 7. O-O Nf6 8.
Nd2 Be7 9. f4 O-O 10. c3 b5 11. Bf3 Bb7 12. e5 Ne8 13. Nxc6 Bxc6 14. Bxc6 Qxc6
15. Nf3 d6 16. Qe1 dxe5 17. Nxe5 Qc7 18. Rd1 Nd6 19. Qf2 f6 20. Nf3 Nc4 21. Nd4
Nxe3 22. Qxe3 e5 23. Ne6 Qc8 24. f5 Re8 25. Kh1 Bf8 26. Rd3 Qb7 27. Rfd1 Ra7
28. Rd8 Ra8 29. R8d7 Qc6 30. Qg3 Rxe6 31. fxe6 Qxe6 32. a3 Qb3 33. Qd3 Qc4 34.
Qxc4+ bxc4 35. Rc7 Rb8 36. Kg1 h6 37. Rd2 e4 38. Rxc4 e3 39. Re2 Bxa3 40. b4
Bc1 41. g3 Bd2 1/2-1/2

[Event "XXVI Ogolnopolska Olimpiada Mlodziezy"]
[Site "Pulawy"]
[Date "2020.10.07"]
[Round "4.9"]
[White "Przybylski, Jan"]
[Black "Stanislawski, Karol"]
[Result "1/2-1/2"]
[WhiteElo "1398"]
[BlackElo "1639"]
[PlyCount "106"]
[EventDate "2020.10.04"]
[EventType "swiss"]
[Tiebreak "Sum of Buchholz+Median1 Buchholz+Sonneborn-Berger (Swiss)"]

1. e4 c5 2. Nf3 Nc6 3. d4 cxd4 4. Nxd4 Nf6 5. Nc3 e5 6. Ndb5 d6 7. Bg5 a6 8.
Na3 b5 9. Nd5 Be7 10. Bxf6 Bxf6 11. c3 O-O 12. Nc2 Bg5 13. a4 bxa4 14. Rxa4 a5
15. Bb5 Ne7 16. Ncb4 Bb7 17. Nxe7+ Qxe7 18. Nd5 Bxd5 19. Qxd5 Qe6 20. Qxe6 fxe6
21. Bc4 Kf7 22. Ke2 Rfc8 23. b3 Rc5 24. Rd1 Ke7 25. Rd3 Rd8 26. Ra1 Bf6 27. g3
d5 28. Rad1 d4 29. f4 exf4 30. gxf4 e5 31. cxd4 exd4 32. e5 Bh4 33. Rxd4 Rxd4
34. Rxd4 g5 35. Kf3 h6 36. e6 gxf4 37. Rd7+ Ke8 38. Kxf4 a4 39. Kg4 axb3 40.
Bxb3 Bd8 41. Bd5 Rc7 42. Rd6 Ke7 43. Ra6 Rc5 44. Ra7+ Bc7 45. Ba2 Rg5+ 46. Kh4
Rc5 47. Kg4 Rg5+ 48. Kf3 Rc5 49. Ke4 Kd6 50. Ra6+ Ke7 51. Ra7 Kd6 52. h3 Ra5
53. Rxa5 Bxa5 1/2-1/2

[Event "XXVI Ogolnopolska Olimpiada Mlodziezy"]
[Site "Pulawy"]
[Date "2020.10.07"]
[Round "4.9"]
[White "Pudelko, Magdalena"]
[Black "Janikowska, Wiktoria"]
[Result "0-1"]
[WhiteElo "1382"]
[BlackElo "1580"]
[PlyCount "96"]
[EventDate "2020.10.04"]
[EventType "swiss"]
[Tiebreak "Sum of Buchholz+Median1 Buchholz+Sonneborn-Berger (Swiss)"]

1. e4 c5 2. Nf3 g6 3. d4 cxd4 4. Nxd4 Nc6 5. c4 Nf6 6. Nc3 d6 7. Be3 Ng4 8. Nd5
Nxe3 9. Nxe3 Qa5+ 10. Ke2 Bg7 11. Nxc6 bxc6 12. Qc2 Rb8 13. Nd1 O-O 14. a3 d5
15. exd5 cxd5 16. Qd2 Qa6 17. Qxd5 Be6 18. Qd2 Rfd8 19. Qc2 Bxc4+ 20. Ke1 Qe6+
21. Be2 Bb3 22. Qc5 Bxd1 23. Rxd1 Rxd1+ 24. Kxd1 Rxb2 25. Bc4 Qd7+ 26. Qd5
Qxd5+ 27. Bxd5 Rb1+ 28. Kc2 Rxh1 29. h3 Rf1 30. f3 Rf2+ 31. Kd3 Rxg2 32. f4
Rg3+ 33. Ke4 e6 34. Bxe6 fxe6 35. a4 Rxh3 36. a5 Ra3 37. a6 Kf7 38. f5 gxf5+
39. Kf4 Ra4+ 40. Ke3 Bh6+ 41. Kf3 Ra3+ 42. Kf2 f4 43. Ke2 f3+ 44. Kf2 Re3 45.
Kf1 Re2 46. Kg1 Be3+ 47. Kf1 Rc2 48. Ke1 Rc1# 0-1

[Event "XXVI Ogolnopolska Olimpiada Mlodziezy"]
[Site "Pulawy"]
[Date "2020.10.07"]
[Round "4.9"]
[White "Rog, Bartlomiej"]
[Black "Wilk, Igor"]
[Result "1/2-1/2"]
[WhiteElo "1906"]
[BlackElo "1744"]
[PlyCount "79"]
[EventDate "2020.10.04"]
[EventType "swiss"]
[Tiebreak "Sum of Buchholz+Median1 Buchholz+Sonneborn-Berger (Swiss)"]

1. e4 c6 2. d4 d5 3. f3 g6 4. c4 dxe4 5. fxe4 e5 6. Nf3 exd4 7. Qxd4 Qxd4 8.
Nxd4 Bg7 9. Nf3 Nf6 10. Nc3 O-O 11. Bd3 Nbd7 12. O-O Nc5 13. Bc2 Be6 14. Be3
Ncd7 15. Bb3 Ng4 16. Bf4 Nge5 17. Rad1 Rad8 18. Bg5 f6 19. Nxe5 Nxe5 20. Rxd8
Rxd8 21. Bxf6 Rd2 22. Bg5 Rd4 23. Be3 Rd3 24. Bxa7 Nxc4 25. Rd1 Rxd1+ 26. Nxd1
Kf7 27. Bxc4 Bxc4 28. a3 Bd3 29. Nc3 Ke6 30. Kf2 Bxc3 31. bxc3 Bxe4 32. Ke3
Bxg2 33. Kd4 b5 34. c4 bxc4 35. Kxc4 Kf5 36. Kc5 Kg4 37. a4 Kh3 38. Bb8 g5 39.
a5 Bf1 40. Kxc6 1/2-1/2

[Event "XXVI Ogolnopolska Olimpiada Mlodziezy"]
[Site "Pulawy"]
[Date "2020.10.07"]
[Round "4.10"]
[White "Jaskulski, Jan"]
[Black "Madej, Marek"]
[Result "1/2-1/2"]
[WhiteElo "1619"]
[BlackElo "1835"]
[PlyCount "115"]
[EventDate "2020.10.04"]
[EventType "swiss"]
[Tiebreak "Sum of Buchholz+Median1 Buchholz+Sonneborn-Berger (Swiss)"]

1. e4 c6 2. Nf3 d5 3. Nc3 dxe4 4. Nxe4 Nf6 5. Nxf6+ exf6 6. Bc4 Bd6 7. O-O O-O
8. h3 Bf5 9. d4 a5 10. Bd3 Bxd3 11. Qxd3 a4 12. Nh4 Qd7 13. Nf5 Ra5 14. Nxd6
Qxd6 15. Re1 b5 16. Qe4 Na6 17. Bf4 Qd7 18. Rad1 a3 19. b3 b4 20. Qd3 g5 21.
Bh2 Ra8 22. Re4 Rd5 23. Qc4 f5 24. Re5 f6 25. Rxd5 cxd5 26. Qd3 f4 27. c4 Nc7
28. g3 Qxh3 29. gxf4 Qxd3 30. Rxd3 dxc4 31. bxc4 Rb8 32. Rb3 Ne6 33. fxg5 Rb7
34. Bd6 Nxd4 35. Rxb4 Rxb4 36. Bxb4 fxg5 37. Bxa3 Kf7 38. Bc5 Ne2+ 39. Kg2 Nc1
40. a4 Nb3 41. Bb6 Ke6 42. a5 Kd6 43. a6 Kc6 44. a7 Kb7 45. c5 Nd4 46. f3 h5
47. Kf2 h4 48. Ke3 Nc6 49. Kf2 Nd4 50. Kg2 Nc6 51. Kh3 Ne5 52. f4 gxf4 53. Kxh4
f3 54. Kg3 f2 55. Kxf2 Nd3+ 56. Ke3 Nxc5 57. Bxc5 Ka8 58. Ke4 1/2-1/2

[Event "XXVI Ogolnopolska Olimpiada Mlodziezy"]
[Site "Pulawy"]
[Date "2020.10.07"]
[Round "4.10"]
[White "Rosa, Antoni"]
[Black "Ratajczak, Hubert"]
[Result "0-1"]
[WhiteElo "1419"]
[BlackElo "1595"]
[PlyCount "88"]
[EventDate "2020.10.04"]
[EventType "swiss"]
[Tiebreak "Sum of Buchholz+Median1 Buchholz+Sonneborn-Berger (Swiss)"]

1. c4 e5 2. g3 Nc6 3. Bg2 g6 4. Nc3 Bg7 5. d3 d6 6. Be3 Nge7 7. Nd5 O-O 8.
Nxe7+ Qxe7 9. Qd2 f5 10. Bg5 Qf7 11. h4 f4 12. gxf4 exf4 13. Bd5 Be6 14. Bxe6
Qxe6 15. Bxf4 Qg4 16. Bg3 Be5 17. O-O-O Bxg3 18. fxg3 Nd4 19. e3 Nf3 20. Qg2
Rae8 21. e4 Nd4 22. Rd2 b5 23. b3 bxc4 24. bxc4 Nf3 25. Nxf3 Rxf3 26. Rg1 Ref8
27. Qe2 Qh5 28. Rb2 Qc5 29. Qd1 Qd4 30. Kb1 Rxd3 31. Qc1 Rc3 32. Qe1 Rxc4 33.
Rb7 Qd3+ 34. Ka1 Rxe4 35. Qc1 Qd4+ 36. Kb1 Re5 37. Re1 c5 38. h5 Qd3+ 39. Kb2
Rf2+ 40. Ka1 Rxe1 41. Rb8+ Kg7 42. h6+ Kf7 43. Qxe1 Rf1 44. Rb7+ Kf6 0-1

[Event "XXVI Ogolnopolska Olimpiada Mlodziezy"]
[Site "Pulawy"]
[Date "2020.10.07"]
[Round "4.10"]
[White "Zalewska, Malgorzata"]
[Black "Tokarz, Izabela"]
[Result "0-1"]
[WhiteElo "1201"]
[BlackElo "1549"]
[PlyCount "82"]
[EventDate "2020.10.04"]
[EventType "swiss"]
[Tiebreak "Sum of Buchholz+Median1 Buchholz+Sonneborn-Berger (Swiss)"]

1. e4 c5 2. Nf3 Nc6 3. d4 cxd4 4. Nxd4 d6 5. c4 e5 6. Nb3 Be6 7. Nc3 f5 8. exf5
Bxf5 9. Nd5 Nf6 10. Bg5 Be7 11. Bxf6 Bxf6 12. Qf3 Bg6 13. Bd3 Bxd3 14. Qxd3 O-O
15. h4 e4 16. Qe2 a5 17. O-O-O a4 18. Nd2 a3 19. b3 e3 20. Qxe3 Re8 21. Qg3 Nd4
22. Qg4 Ne2+ 23. Kc2 Nd4+ 24. Kb1 Re2 25. Rhe1 Rxf2 26. Ne4 Rb2+ 27. Kc1 Be5
28. Rxd4 Bxd4 29. Qe6+ Kh8 30. Ng5 Rf2 31. Qe4 Bb2+ 32. Kd1 g6 33. Qe6 Qf8 34.
Qd7 Qg7 35. Qg4 Be5 36. h5 gxh5 37. Qxh5 Rf5 38. Qxh7+ Qxh7 39. Nxh7 Kxh7 40.
Rh1+ Kg7 41. g4 Rf2 0-1

[Event "XXVI Ogolnopolska Olimpiada Mlodziezy"]
[Site "Pulawy"]
[Date "2020.10.07"]
[Round "4.11"]
[White "Banasiak, Adrianna"]
[Black "Jaros, Emilia"]
[Result "1-0"]
[WhiteElo "1216"]
[BlackElo "1295"]
[PlyCount "87"]
[EventDate "2020.10.04"]
[EventType "swiss"]
[Tiebreak "Sum of Buchholz+Median1 Buchholz+Sonneborn-Berger (Swiss)"]

1. d4 Nf6 2. Bg5 d5 3. e3 e6 4. c4 Be7 5. Nf3 b6 6. cxd5 exd5 7. Bd3 Bb7 8. O-O
h6 9. Bf4 Nbd7 10. Nc3 O-O 11. Rc1 c5 12. dxc5 bxc5 13. Bb5 Nb6 14. Be2 Nh5 15.
Bg3 Nxg3 16. hxg3 Bf6 17. Na4 Nxa4 18. Qxa4 Qb6 19. Qb5 Bxb2 20. Rxc5 Ba3 21.
Rc3 Bd6 22. Rb1 Bb8 23. Qxb6 axb6 24. Rxb6 Rxa2 25. Rxb7 Rxe2 26. Rd7 Rb2 27.
Rxd5 Rb1+ 28. Kh2 Rb2 29. Rd2 Rxd2 30. Nxd2 Be5 31. Rd3 Rc8 32. f4 Bb8 33. e4
g5 34. e5 Kg7 35. Ne4 gxf4 36. gxf4 Rc4 37. Nf6 Kg6 38. Rd8 Ba7 39. g4 Rc2+ 40.
Kh1 Rc1+ 41. Kg2 Rc2+ 42. Kf1 h5 43. Rg8+ Kh6 44. g5# 1-0

[Event "XXVI Ogolnopolska Olimpiada Mlodziezy"]
[Site "Pulawy"]
[Date "2020.10.07"]
[Round "4.11"]
[White "Sniadecki, Oskar"]
[Black "Ptaszynski, Szymon"]
[Result "1/2-1/2"]
[WhiteElo "1577"]
[BlackElo "1518"]
[PlyCount "86"]
[EventDate "2020.10.04"]
[EventType "swiss"]
[Tiebreak "Sum of Buchholz+Median1 Buchholz+Sonneborn-Berger (Swiss)"]

1. d4 Nf6 2. Nf3 e6 3. Nbd2 d5 4. e3 Nc6 5. a3 Be7 6. b3 O-O 7. Bb2 b6 8. Bd3
Bb7 9. O-O Bd6 10. Ne5 Ne7 11. f4 Ne4 12. Bxe4 dxe4 13. Nec4 f5 14. Nxd6 cxd6
15. c4 d5 16. Rc1 Rc8 17. Rf2 Qd7 18. a4 Rfe8 19. b4 Rc7 20. Ba3 dxc4 21. Nxc4
Ng6 22. b5 Rec8 23. Rfc2 Bd5 24. Qe2 Bxc4 25. Rxc4 Rxc4 26. Rxc4 Rxc4 27. Qxc4
Ne7 28. Bxe7 Qxe7 29. Qc6 Kf7 30. Qc3 Qd7 31. h3 g6 32. Kh2 Qe7 33. Qc8 Kg7 34.
Qc3 Kf7 35. a5 bxa5 36. Qxa5 Qd7 37. Qb4 Ke8 38. Qc5 Kf7 39. b6 axb6 40. Qxb6
Qe7 41. Qb8 Qe8 42. Qc7+ Qe7 43. Qe5 Qd8 1/2-1/2

[Event "XXVI Ogolnopolska Olimpiada Mlodziezy"]
[Site "Pulawy"]
[Date "2020.10.07"]
[Round "4.11"]
[White "Staniewicz, Adrianna"]
[Black "Pietrzak, Emilia"]
[Result "0-1"]
[WhiteElo "1382"]
[BlackElo "1398"]
[PlyCount "124"]
[EventDate "2020.10.04"]
[EventType "swiss"]
[Tiebreak "Sum of Buchholz+Median1 Buchholz+Sonneborn-Berger (Swiss)"]

1. e4 c5 2. Nf3 Nc6 3. d4 cxd4 4. Nxd4 Nf6 5. Nc3 e5 6. Nxc6 bxc6 7. Bd3 Bc5 8.
O-O h6 9. Na4 Be7 10. c4 O-O 11. b3 d5 12. cxd5 cxd5 13. exd5 Nxd5 14. Bb2 Qd6
15. Be4 Be6 16. Bxd5 Bxd5 17. Nc3 Bc6 18. Qxd6 Bxd6 19. Rad1 Rfd8 20. Rfe1 f6
21. h3 Rd7 22. Rd2 Rad8 23. Red1 Kf7 24. Nb1 Ke6 25. Na3 Bc5 26. Rxd7 Rxd7 27.
Rxd7 Bxd7 28. Kf1 Kd5 29. Ke2 Bd4 30. Bc1 g5 31. f3 f5 32. Kd3 e4+ 33. Ke2 f4
34. fxe4+ Kxe4 35. Bd2 h5 36. Be1 Bc6 37. Bf2 Bb6 38. Bxb6 axb6 39. Kf2 b5 40.
Ke2 Kd4 41. Nc2+ Kc3 42. Ne1 b4 43. Kf2 Be4 44. Ke2 Kb2 45. Nd3+ Bxd3+ 46. Kxd3
Kxa2 47. Kc4 Ka3 48. Kd3 Kxb3 49. Ke4 Kc4 50. Kf5 g4 51. hxg4 hxg4 52. Kxg4 b3
53. Kxf4 b2 54. g4 b1=Q 55. Kg5 Qh7 56. Kf6 Kd5 57. g5 Kd6 58. g6 Qe7+ 59. Kf5
Qg7 60. Kg5 Ke6 61. Kh5 Kf5 62. Kh4 Qxg6 0-1

[Event "XXVI Ogolnopolska Olimpiada Mlodziezy"]
[Site "Pulawy"]
[Date "2020.10.07"]
[Round "4.11"]
[White "Wydmanski, Szymon"]
[Black "Jedraszek, Pawel"]
[Result "0-1"]
[WhiteElo "1598"]
[BlackElo "1816"]
[PlyCount "60"]
[EventDate "2020.10.04"]
[EventType "swiss"]
[Tiebreak "Sum of Buchholz+Median1 Buchholz+Sonneborn-Berger (Swiss)"]

1. e4 c5 2. Nf3 Nc6 3. d4 cxd4 4. Nxd4 Qb6 5. Nb3 Nf6 6. Nc3 e6 7. Qe2 Bb4 8.
Bd2 a5 9. a3 Bxc3 10. Bxc3 a4 11. Nd2 e5 12. Nc4 Qc5 13. O-O-O O-O 14. Nd6 Nd4
15. Bxd4 Qxd6 16. Bc3 Qe6 17. Bb4 Re8 18. Rd6 Qa2 19. h4 Ra6 20. c3 Rxd6 21.
Bxd6 Re6 22. Bb4 d5 23. exd5 Qa1+ 24. Kc2 Nxd5 25. g4 Nxb4+ 26. axb4 a3 27.
bxa3 Bd7 28. Qd3 Ba4+ 29. Kd2 Rd6 30. Qxd6 Qd1+ 0-1

[Event "XXVI Ogolnopolska Olimpiada Mlodziezy"]
[Site "Pulawy"]
[Date "2020.10.07"]
[Round "4.12"]
[White "Jarocki, Gabriel"]
[Black "Backiel, Hubert"]
[Result "0-1"]
[WhiteElo "1510"]
[BlackElo "2073"]
[PlyCount "121"]
[EventDate "2020.10.04"]
[EventType "swiss"]
[Tiebreak "Sum of Buchholz+Median1 Buchholz+Sonneborn-Berger (Swiss)"]

1. e4 c5 2. Nc3 e6 3. g3 Nc6 4. Bg2 Nge7 5. d3 g6 6. Nge2 Bg7 7. f4 d5 8. e5 a6
9. O-O h5 10. h3 Nf5 11. Kh2 b6 12. Qd2 Bb7 13. Nd1 Qe7 14. Ne3 Rd8 15. Nxf5
gxf5 16. h4 d4 17. Ng1 Nb4 18. a3 Nd5 19. Qe2 Qc7 20. Bd2 Ne7 21. Nh3 Ng8 22.
Nf2 Bxg2 23. Kxg2 Qb7+ 24. Qf3 Qxf3+ 25. Kxf3 Ne7 26. b3 Bh6 27. Nh3 Kd7 28.
Ng1 Kc6 29. Ne2 Rhg8 30. a4 Rg4 31. Rfb1 Ng6 32. Rh1 Nxe5+ 33. Kf2 Rgg8 34.
Rab1 Ng4+ 35. Kf3 a5 36. Rbe1 Rge8 37. Ng1 e5 38. Nh3 f6 39. Re2 Kd5 40. Rhe1
e4+ 41. dxe4+ fxe4+ 42. Kg2 f5 43. Bc1 c4 44. Nf2 Nxf2 45. Kxf2 cxb3 46. cxb3
d3 47. Ra2 Bg7 48. Be3 Bd4 49. Rb1 Rg8 50. Rg1 Rc8 51. Rd2 Rg6 52. Re1 Rcg8 53.
Bxd4 Kxd4 54. Re3 Rc8 55. Re1 Re6 56. Re3 Rec6 57. Re1 Rc2 58. Rxc2 Rxc2+ 59.
Kf1 e3 60. Rb1 Rf2+ 61. Ke1 0-1

[Event "XXVI Ogolnopolska Olimpiada Mlodziezy"]
[Site "Pulawy"]
[Date "2020.10.07"]
[Round "4.12"]
[White "Liskiewicz, Jakub"]
[Black "Bochniak, Franciszek"]
[Result "0-1"]
[WhiteElo "1622"]
[BlackElo "1458"]
[PlyCount "74"]
[EventDate "2020.10.04"]
[EventType "swiss"]
[Tiebreak "Sum of Buchholz+Median1 Buchholz+Sonneborn-Berger (Swiss)"]

1. d4 Nf6 2. c4 e6 3. Nf3 b6 4. Nc3 Bb4 5. e3 Bb7 6. Bd3 Ne4 7. Qc2 f5 8. O-O
Bxc3 9. bxc3 O-O 10. Nd2 Qh4 11. f3 Nxd2 12. Bxd2 d6 13. e4 f4 14. c5 Qf6 15.
cxd6 cxd6 16. Qb3 Kh8 17. a4 e5 18. a5 exd4 19. axb6 a6 20. Rfc1 Nd7 21. Qc4
dxc3 22. Bxc3 Qg5 23. Qc7 Qc5+ 24. Bd4 Qxd4+ 25. Kh1 Nc5 26. Bf1 Rac8 27. Qe7
Qe5 28. Qxe5 dxe5 29. Ra5 Ne6 30. Rca1 Rc5 31. Bxa6 Rxa5 32. Rxa5 Ra8 33. Rxe5
Rxa6 34. g3 Rxb6 35. gxf4 Kg8 36. f5 Nf4 37. Kg1 Rb1+ 0-1

[Event "XXVI Ogolnopolska Olimpiada Mlodziezy"]
[Site "Pulawy"]
[Date "2020.10.07"]
[Round "4.12"]
[White "Mazurek, Maja"]
[Black "Bar, Klaudia"]
[Result "0-1"]
[WhiteElo "1220"]
[BlackElo "1408"]
[PlyCount "90"]
[EventDate "2020.10.04"]
[EventType "swiss"]
[Tiebreak "Sum of Buchholz+Median1 Buchholz+Sonneborn-Berger (Swiss)"]

1. d4 d6 2. c4 e5 3. e3 e4 4. Nc3 f5 5. Nh3 c6 6. b3 Nf6 7. Bb2 g6 8. d5 Nbd7
9. Qd2 a6 10. O-O-O c5 11. Ng5 Ne5 12. f4 Nf7 13. Nxf7 Kxf7 14. h3 h5 15. Be2
h4 16. Qe1 Bg7 17. g3 hxg3 18. Qxg3 Rg8 19. Qg5 Bd7 20. Kb1 Qa5 21. a4 Nh7 22.
Qh4 Bxc3 23. Qxh7+ Rg7 24. Qh4 b5 25. Kc2 Bxb2 26. Kxb2 bxa4 27. Qe1 Qb6 28.
Qc3 Rb8 29. Ka3 Qxb3+ 30. Qxb3 Rxb3+ 31. Ka2 Rxe3 32. Rh2 g5 33. fxg5 Rxg5 34.
h4 Rgg3 35. h5 Kg7 36. h6+ Kh7 37. Rb1 Ra3+ 38. Kb2 Rab3+ 39. Ka2 Rxb1 40. Kxb1
f4 41. Kc2 Bf5 42. Kb2 f3 43. Bf1 e3 44. Ka2 e2 45. Bxe2 Rg2 0-1

[Event "XXVI Ogolnopolska Olimpiada Mlodziezy"]
[Site "Pulawy"]
[Date "2020.10.07"]
[Round "4.12"]
[White "Pietryk, Joanna"]
[Black "Bandyk, Joanna"]
[Result "0-1"]
[WhiteElo "1387"]
[BlackElo "1191"]
[PlyCount "116"]
[EventDate "2020.10.04"]
[EventType "swiss"]
[Tiebreak "Sum of Buchholz+Median1 Buchholz+Sonneborn-Berger (Swiss)"]

1. e4 c5 2. b3 Nc6 3. Bb2 d6 4. Bb5 Bd7 5. Nf3 a6 6. Bxc6 Bxc6 7. Nc3 Nf6 8.
Qe2 e6 9. O-O-O b5 10. d3 Be7 11. Nb1 Rc8 12. Nbd2 a5 13. Rhe1 a4 14. bxa4 bxa4
15. d4 cxd4 16. Nxd4 Bd7 17. f4 Qc7 18. N2f3 d5 19. exd5 Qxf4+ 20. Kb1 Nxd5 21.
Nxe6 Bxe6 22. Rxd5 Qc4 23. Qxc4 Rxc4 24. Ra5 O-O 25. Nd4 Bb4 26. Ree5 Bxa5 27.
Rxa5 Rd8 28. Kc1 Bd5 29. Nf5 Bxg2 30. Ne7+ Kf8 31. Ba3 Ke8 32. Nf5 Rf4 33.
Nxg7+ Kd7 34. Nh5 Rf1+ 35. Kb2 Ra8 36. Rg5 Rf2 37. Bc5 Rb8+ 38. Kc3 Rf3+ 39.
Kd2 Bf1 40. Rg4 Bb5 41. Rb4 Rf5 42. Be3 Rxh5 43. c4 Rxh2+ 44. Kc3 Rh3 45. Kd2
Rh2+ 46. Kc3 Rxa2 47. cxb5 Ra3+ 48. Kd4 Rb3 49. Rxa4 R8xb5 50. Ra7+ Rb7 51. Ra5
R7b4+ 52. Kd5 Rb5+ 53. Rxb5 Rxb5+ 54. Ke4 Ke6 55. Kf3 Rb3 56. Kf4 Rxe3 57. Kxe3
Ke5 58. Kf3 Kf5 0-1

[Event "XXVI Ogolnopolska Olimpiada Mlodziezy"]
[Site "Pulawy"]
[Date "2020.10.07"]
[Round "4.13"]
[White "Gaczol, Julia"]
[Black "Para, Aleksandra"]
[Result "1-0"]
[WhiteElo "1360"]
[BlackElo "1191"]
[PlyCount "81"]
[EventDate "2020.10.04"]
[EventType "swiss"]
[Tiebreak "Sum of Buchholz+Median1 Buchholz+Sonneborn-Berger (Swiss)"]

1. e4 c5 2. Nf3 d6 3. d4 cxd4 4. Nxd4 Nf6 5. Nc3 a6 6. Nb3 Nbd7 7. f4 e6 8. Qe2
Qc7 9. g4 Nc5 10. Nxc5 dxc5 11. Bg2 Rb8 12. g5 Nd7 13. a4 b6 14. O-O Bb7 15.
Bd2 Be7 16. Rae1 Rd8 17. f5 e5 18. Rd1 c4 19. Kh1 Bb4 20. Nd5 Bxd5 21. exd5
Bxd2 22. Rxd2 b5 23. axb5 axb5 24. d6 Qb6 25. Qh5 Qe3 26. Rfd1 Qf4 27. g6 fxg6
28. fxg6 h6 29. Qh3 Qf6 30. Be4 O-O 31. Bd5+ Kh8 32. Bf7 Qf4 33. Re2 Nf6 34.
Rf1 Qg4 35. Qe3 e4 36. Rxf6 Qh5 37. Re6 Qf5 38. Rxe4 Qf1+ 39. Qg1 Qf3+ 40. Qg2
Qf1+ 41. Qxf1 1-0

[Event "XXVI Ogolnopolska Olimpiada Mlodziezy"]
[Site "Pulawy"]
[Date "2020.10.07"]
[Round "4.13"]
[White "Karolczuk, Iwo"]
[Black "Demski, Michal"]
[Result "1-0"]
[WhiteElo "2010"]
[BlackElo "1809"]
[PlyCount "65"]
[EventDate "2020.10.04"]
[EventType "swiss"]
[Tiebreak "Sum of Buchholz+Median1 Buchholz+Sonneborn-Berger (Swiss)"]

1. d4 d6 2. e4 Nf6 3. Nc3 c6 4. Nf3 Bg4 5. Be2 e6 6. h3 Bh5 7. O-O d5 8. Bg5 h6
9. Bxf6 Qxf6 10. Ne5 Bxe2 11. Qxe2 Bd6 12. exd5 Bxe5 13. dxe5 Qg6 14. dxe6 fxe6
15. Rad1 O-O 16. Ne4 Na6 17. Rd7 Nb4 18. Rxb7 Nd5 19. Qg4 Qxg4 20. hxg4 Rf4 21.
f3 Ne3 22. Re1 Nxc2 23. Rd1 Rf7 24. Rxf7 Kxf7 25. Rd7+ Kf8 26. Nc5 Rb8 27.
Nxe6+ Ke8 28. Rxa7 Rxb2 29. Nxg7+ Kd8 30. e6 Rb1+ 31. Kf2 Re1 32. Rd7+ Kc8 33.
Rd2 1-0

[Event "XXVI Ogolnopolska Olimpiada Mlodziezy"]
[Site "Pulawy"]
[Date "2020.10.07"]
[Round "4.13"]
[White "Karwot, Marek"]
[Black "Klim, Filip"]
[Result "0-1"]
[WhiteElo "1362"]
[BlackElo "1843"]
[PlyCount "102"]
[EventDate "2020.10.04"]
[EventType "swiss"]
[Tiebreak "Sum of Buchholz+Median1 Buchholz+Sonneborn-Berger (Swiss)"]

1. e4 e5 2. Nf3 Nc6 3. Bc4 Bc5 4. c3 Nf6 5. d4 exd4 6. cxd4 Bb4+ 7. Bd2 Nxe4 8.
Bxb4 Nxb4 9. Bxf7+ Kxf7 10. Qb3+ d5 11. Ne5+ Ke6 12. Qxb4 Qf8 13. Qxf8 Rxf8 14.
O-O Nd6 15. Re1 Kf6 16. Nc3 c6 17. Rac1 Bf5 18. Na4 Rae8 19. b3 Nb5 20. Rcd1
Nxd4 21. f4 Nb5 22. g4 Bc8 23. Nc5 Re7 24. h4 g6 25. Kg2 Kg7 26. Kg3 Nc3 27.
Rd2 b6 28. Ncd3 Ne4+ 29. Rxe4 dxe4 30. Nb4 Bb7 31. Nc2 c5 32. Ne3 b5 33. g5 Rc8
34. N3g4 c4 35. Rh2 c3 36. h5 gxh5 37. Nf6 Rxe5 38. Rxh5 h6 39. Rxh6 Rh8 40.
Nh5+ Kg8 41. Nf6+ Kg7 42. Nh5+ Kf7 43. Rxh8 Rc5 44. Rh7+ Ke6 45. g6 c2 46. g7
Rc8 47. Rh6+ Ke7 48. Rh7 Kd6 49. Rh6+ Kc5 50. Nf6 c1=Q 51. Nd7+ Kb4 0-1

[Event "XXVI Ogolnopolska Olimpiada Mlodziezy"]
[Site "Pulawy"]
[Date "2020.10.07"]
[Round "4.13"]
[White "Popczynska, Maja"]
[Black "Mitrega, Wiktoria"]
[Result "1/2-1/2"]
[WhiteElo "1339"]
[BlackElo "1064"]
[PlyCount "60"]
[EventDate "2020.10.04"]
[EventType "swiss"]
[Tiebreak "Sum of Buchholz+Median1 Buchholz+Sonneborn-Berger (Swiss)"]

1. e4 d5 2. exd5 Qxd5 3. Nf3 Nf6 4. Be2 c6 5. O-O Bf5 6. d4 e6 7. c4 Qa5 8. Nc3
Be7 9. Bd2 Qd8 10. a3 Nbd7 11. Be3 Nb6 12. Ne5 O-O 13. Na4 Nxa4 14. Qxa4 Nd7
15. c5 Nxe5 16. dxe5 Bg5 17. f4 Be7 18. Qd1 Qxd1 19. Rfxd1 Rfd8 20. Rxd8+ Rxd8
21. Rd1 Rxd1+ 22. Bxd1 Be4 23. b4 Bd8 24. Kf2 a5 25. Bf3 Bxf3 26. Kxf3 axb4 27.
axb4 Kf8 28. Ke4 Ke7 29. Kd4 Kd7 30. Kc4 Kc7 1/2-1/2

[Event "XXVI Ogolnopolska Olimpiada Mlodziezy"]
[Site "Pulawy"]
[Date "2020.10.07"]
[Round "4.14"]
[White "Golinska, Patrycja"]
[Black "Bialek, Alicja"]
[Result "0-1"]
[WhiteElo "1264"]
[BlackElo "1457"]
[PlyCount "108"]
[EventDate "2020.10.04"]
[EventType "swiss"]
[Tiebreak "Sum of Buchholz+Median1 Buchholz+Sonneborn-Berger (Swiss)"]

1. e4 c5 2. Nf3 d6 3. d4 cxd4 4. Nxd4 Nf6 5. Nc3 g6 6. f3 Bg7 7. Bc4 Nc6 8. Be3
O-O 9. Qd2 Ne5 10. Bb3 Bd7 11. O-O-O a5 12. a4 Rc8 13. Bh6 Nc4 14. Qg5 Qc7 15.
Nde2 Qc5 16. h4 Nxb2 17. Kxb2 Nxe4 18. Qxc5 Nxc5 19. Bxg7 Kxg7 20. h5 h6 21.
hxg6 fxg6 22. Rh4 Rb8 23. Rdh1 Rh8 24. Nd4 g5 25. R4h2 Rbf8 26. Re1 e5 27. Ndb5
Bxb5 28. Nxb5 Rf6 29. Rhh1 Rd8 30. Rd1 d5 31. Rxd5 Rxd5 32. Bxd5 Nxa4+ 33. Kb3
Rf4 34. c4 Nc5+ 35. Kc2 b6 36. Re1 Nd7 37. g3 Rf8 38. Bc6 Nb8 39. Bb7 Kf6 40.
Rd1 Ke7 41. Rd6 Rf6 42. Rxf6 Kxf6 43. Nd6 h5 44. Ne4+ Kg6 45. Bc8 Nc6 46. Nd2
h4 47. gxh4 gxh4 48. Bh3 Kg5 49. Ne4+ Kf4 50. Nd2 Nd4+ 51. Kd3 Nxf3 52. Nxf3
e4+ 53. Ke2 exf3+ 54. Kf2 a4 0-1

[Event "XXVI Ogolnopolska Olimpiada Mlodziezy"]
[Site "Pulawy"]
[Date "2020.10.07"]
[Round "4.14"]
[White "Jaszczuk, Piotr"]
[Black "Rozek, Michal"]
[Result "0-1"]
[WhiteElo "1312"]
[BlackElo "1442"]
[PlyCount "82"]
[EventDate "2020.10.04"]
[EventType "swiss"]
[Tiebreak "Sum of Buchholz+Median1 Buchholz+Sonneborn-Berger (Swiss)"]

1. e4 e5 2. Nf3 Nc6 3. Bc4 Bc5 4. c3 Nf6 5. d3 O-O 6. Bb3 d5 7. exd5 Nxd5 8.
O-O Bg4 9. Bg5 f6 10. Be3 Bxe3 11. fxe3 Kh8 12. Qe2 Re8 13. Nbd2 f5 14. Rae1 e4
15. dxe4 fxe4 16. Nxe4 Rxe4 17. Rd1 Rxe3 18. Qxe3 Nxe3 19. Rxd8+ Rxd8 20. Ng5
Bh5 21. Nf7+ Bxf7 22. Rxf7 h6 23. Kf2 Ng4+ 24. Ke2 Re8+ 25. Kd1 Ne3+ 26. Kd2
Nxg2 27. Rxc7 Re7 28. Rc8+ Kh7 29. Rf8 Ne3 30. Rf3 Ng4 31. h4 Nf6 32. Bc2+ Kh8
33. b4 a6 34. a4 Re5 35. Kc1 Kg8 36. Rd3 Kf7 37. Kd1 Ke7 38. Rg3 g5 39. hxg5
hxg5 40. Kd2 g4 41. Bd1 Ne4+ 0-1